000 00666nam a2200217Ia 4500
003 GCL
008 140319s9999 xx 000 0 ara d
040 _aGCL /
_cGCL
082 0 4 _a327.14
_bش م
100 1 _aشفيق رضوان
245 1 0 _aالملصق الفلسطينى : مشاكل النشأة والتطور /
_cشفيق رضوان
300 _a408
490 _a100 قصة
_v0
650 0 4 _aالعصر الحديث
650 0 4 _aالسياسة فى الفن
650 0 4 _aالراى العام العالمى
650 0 4 _aفلسطين - تاريخ
650 0 4 _aالملصقات
650 0 4 _aالدعاية - الدولية
942 _2ddc
_cBK
999 _c43998
_d43998